|
|
|
|
| LEADER |
01404nam a22003377a 4500 |
| 001 |
38385 |
| 003 |
BD-DhAAL |
| 005 |
20220413121825.0 |
| 008 |
220413t2014 enkab||| b||| 000 0 eng d |
| 999 |
|
|
|c 43989
|d 43989
|
| 020 |
|
|
|a 9781783509058
|
| 040 |
|
|
|a BD-DhAAL
|d BD-DhAAL
|
| 082 |
|
|
|a 307.1416095
|
| 100 |
|
|
|a Joerin, Jonas
|9 48042
|
| 245 |
|
|
|a Building resilient urban communities /
|c by Jonas Joerin, Rajib Shaw and Ramasamy R. Krishnamurthy.
|
| 250 |
|
|
|a First edition
|
| 260 |
|
|
|a Bingley :
|b Emerald Group Publishing,
|c c2014
|
| 300 |
|
|
|a xxv, 188 pages :
|b illustrations, maps ;
|c 24 cm.
|
| 490 |
|
|
|a Community, environment and disaster risk management ;
|v Volume 15
|
| 504 |
|
|
|a Includes bibliographical references.
|
| 526 |
|
|
|a ARC (PPDM)
|
| 541 |
|
|
|a Karim International
|e 38385
|
| 650 |
|
|
|a Community development, Urban
|x Environmental aspects
|z Asia
|9 48043
|
| 650 |
|
|
|a Cities and towns
|x Growth
|x Environmental aspects
|9 48044
|
| 650 |
|
|
|a Climatic changes
|x Environmental aspects;
|9 48045
|
| 650 |
|
|
|a Emergency management
|9 48046
|
| 700 |
|
|
|a Shaw, Rajib
|9 48047
|
| 700 |
|
|
|a Krishnamurthy, Ramasamy R.
|9 48048
|
| 852 |
|
|
|a Ayesha Abed Library
|c General Stacks
|
| 942 |
|
|
|2 ddc
|c BK
|
| 952 |
|
|
|0 0
|1 0
|2 ddc
|4 0
|6 307_141609500000000_JOE
|7 0
|9 70409
|a BRACUL
|b BRACUL
|c GEN
|d 2022-04-07
|e Karim International
|g 10480.00
|l 0
|o 307.1416095 JOE
|p 3010038385
|r 2022-04-07
|t 1
|v 10480.00
|w 2022-04-07
|y BK
|